[Event "43rd World U20 ch"]
[Site "Kochi IND"]
[Date "2004.11.28"]
[Round "10.10"]
[White "Moradiabadi, Elshan"]
[Black "Nad Hedesi, Balind"]
[Result "1/2-1/2"]
[WhiteElo "2445"]
[BlackElo "2337"]
[EventDate "2004.11.19"]
[PlyCount "74"]

1.c4 e5 2.g3 Nc6 3.Bg2 Bc5 4.Nc3 a6 5.e3 d6 6.Nge2 Nge7 7.O-O O-O 8.b3 Bf5
9.d4 exd4 10.exd4 Ba7 11.Be3 Qd7 12.d5 Ne5 13.Bxa7 Rxa7 14.f4 N5g6 15.Nd4 
Bg4 16.Qd3 Bf5 17.Be4 Bxe4 18.Qxe4 Qg4 19.Nd1 Raa8 20.Nf2 Qd7 21.f5 Ne5 
22.Nd3 Rae8 23.Nxe5 dxe5 24.Nc2 f6 25.Rad1 Rd8 26.Rf3 b5 27.g4 Qd6 28.Rc3 
Qc5+ 29.Qe3 Qxe3+ 30.Nxe3 Rd7 31.c5 Rfd8 32.Rcd3 Nc6 33.Kg2 Nd4 34.b4 Nc6 
35.Rb3 Ne7 36.Rbd3 Nc6 37.a3 Nd4 1/2-1/2

[Event "43rd World U20 ch"]
[Site "Kochi IND"]
[Date "2004.11.28"]
[Round "10.12"]
[White "Paragua, Mark"]
[Black "Grigorov, Grigor"]
[Result "1-0"]
[WhiteElo "2534"]
[BlackElo "2321"]
[EventDate "2004.11.19"]
[PlyCount "55"]

1.e4 c5 2.d3 Nc6 3.g3 g6 4.Bg2 Bg7 5.f4 d6 6.Nf3 Nf6 7.O-O O-O 8.h3 c4 9.
Nc3 cxd3 10.cxd3 Qb6+ 11.Kh2 Ne8 12.f5 Nc7 13.g4 d5 14.Qe2 dxe4 15.dxe4 
Ne5 16.Rd1 e6 17.Bf4 Qa5 18.Rac1 Na6 19.a3 Nxf3+ 20.Qxf3 Be5 21.b4 Qc7 22.
Ne2 Bxf4+ 23.Nxf4 Qe5 24.Kh1 Nb8 25.Rc5 Qf6 26.g5 Qxg5 27.fxe6 Qf6 28.e5 
1-0

[Event "43rd World U20 ch"]
[Site "Kochi IND"]
[Date "2004.11.28"]
[Round "10.13"]
[White "Lafuente, Pablo"]
[Black "Perdomo, Leandro"]
[Result "1/2-1/2"]
[WhiteElo "2473"]
[BlackElo "2312"]
[EventDate "2004.11.19"]
[PlyCount "54"]

1.d4 Nf6 2.c4 g6 3.Nc3 Bg7 4.e4 d6 5.Be2 O-O 6.Nf3 e5 7.Be3 c6 8.d5 Na6 9.
Nd2 Ne8 10.O-O f5 11.f3 c5 12.a3 Bf6 13.exf5 gxf5 14.f4 e4 15.Ndb1 Kh8 16.
Qd2 Qe7 17.Nd1 Bd7 18.Nbc3 Ng7 19.Nf2 Rae8 20.Rab1 Qf7 21.Kh1 Rg8 22.Rg1 
b6 23.Nh3 Nh5 24.Rbf1 Qg6 25.Qd1 Ng7 26.Qd2 Nh5 27.Qd1 Ng7 1/2-1/2

[Event "43rd World U20 ch"]
[Site "Kochi IND"]
[Date "2004.11.28"]
[Round "10.15"]
[White "Smerdon, David"]
[Black "Cifka, Stanislav"]
[Result "1-0"]
[WhiteElo "2425"]
[BlackElo "2310"]
[EventDate "2004.11.19"]
[PlyCount "68"]

1.e4 e6 2.d4 d5 3.Nc3 Bb4 4.e5 c5 5.a3 Bxc3+ 6.bxc3 Qa5 7.Rb1 Qxc3+ 8.Bd2 
Qxd4 9.Nf3 Qe4+ 10.Be2 b6 11.c4 d4 12.Ng5 Qxe5 13.O-O Qc7 14.Bh5 g6 15.Bf3
Bb7 16.Re1 Nd7 17.g3 Ngf6 18.Bf4 Qc8 19.Bd6 h6 20.Nxe6 fxe6 21.Rxe6+ Kf7 
22.Re7+ Kg8 23.Qd3 Rh7 24.Qxg6+ Kh8 25.Bxb7 Qxb7 26.Rbe1 Rg8 27.Qf5 Qc8 
28.R1e6 Rg5 29.Rxh7+ Nxh7 30.Qf7 Ndf6 31.Be7 Rf5 32.Qg6 Rf3 33.Qxh6 Ng4 
34.Qh5 Qg8 1-0

[Event "43rd World U20 ch"]
[Site "Kochi IND"]
[Date "2004.11.28"]
[Round "10.16"]
[White "Rohit, Gogineni"]
[Black "D`Costa, Lorin"]
[Result "1/2-1/2"]
[WhiteElo "2281"]
[BlackElo "2358"]
[EventDate "2004.11.19"]
[PlyCount "103"]

1.e4 g6 2.d4 Bg7 3.Nc3 d6 4.Be3 a6 5.a4 b6 6.Bc4 e6 7.Nf3 Nd7 8.O-O Ne7 9.
Re1 h6 10.Ne2 O-O 11.Ng3 Bb7 12.c3 d5 13.exd5 Nxd5 14.Bd2 c5 15.Qe2 cxd4 
16.cxd4 N7f6 17.Ne5 Qd6 18.Ne4 Qe7 19.Nxf6+ Nxf6 20.Ra3 Rad8 21.Rb3 a5 22.
Rxb6 Rxd4 23.Bxa5 Nd5 24.Nc6 Bxc6 25.Rxc6 Nf4 26.Qf3 Qg5 27.Bc7 Nd5 28.Bd6
Rd8 29.Bxd5 Rxd5 30.Bf4 Qe7 31.Rc7 Qf6 32.Be3 Qxf3 33.gxf3 Bxb2 34.Bxh6 
Ra8 35.Rb7 Bd4 36.Be3 Rxa4 37.Bxd4 Raxd4 38.Re4 Rd3 39.Rf4 Rd1+ 40.Kg2 
Rg5+ 41.Rg4 Rf5 42.Rbb4 Kg7 43.Rbd4 Ra1 44.Ra4 Rd1 45.Rad4 Rd5 46.Rxd1 
Rxd1 47.Ra4 Rd5 48.f4 Rd3 49.Ra7 Kf6 50.Rb7 Rd5 51.Ra7 Rf5 52.Kg3 1/2-1/2

[Event "43rd World U20 ch"]
[Site "Kochi IND"]
[Date "2004.11.28"]
[Round "10.17"]
[White "Bartel, Mateusz"]
[Black "Hasan Parag, Mehdi"]
[Result "1-0"]
[WhiteElo "2481"]
[BlackElo "2251"]
[EventDate "2004.11.19"]
[PlyCount "95"]

1.g3 d5 2.Bg2 Nf6 3.f4 c6 4.Nf3 Bf5 5.O-O e6 6.e3 Nbd7 7.Nc3 Bd6 8.d3 Qb6 
9.Qe1 O-O 10.Kh1 Bg4 11.Nh4 Bh5 12.h3 d4 13.exd4 Qxd4 14.Be3 Qb4 15.a3 Qa5
16.g4 Bg6 17.Ne4 Qxe1 18.Raxe1 Be7 19.Ng5 Nd5 20.Bc1 Bxg5 21.fxg5 Rfe8 22.
Re2 Nf8 23.Nf3 Nd7 24.Rfe1 Rac8 25.h4 f5 26.h5 Bf7 27.Nh4 g6 28.hxg6 hxg6 
29.Bf3 f4 30.c4 Ne3 31.Bxe3 fxe3 32.Rxe3 Kg7 33.Kg2 Rcd8 34.b4 Re7 35.Kg3 
a5 36.Be4 Ree8 37.Rb1 axb4 38.axb4 Re7 39.Nf3 c5 40.b5 Nb6 41.Ne5 Be8 42.
Rh1 Nd7 43.Kf4 Nxe5 44.Kxe5 Bf7 45.Reh3 Rd5+ 46.cxd5 exd5+ 47.Kd6 Re6+ 48.
Kd7 1-0

[Event "43rd World U20 ch"]
[Site "Kochi IND"]
[Date "2004.11.28"]
[Round "10.18"]
[White "Barbosa, Oliver"]
[Black "Poobesh Anand, Selvaraj"]
[Result "0-1"]
[WhiteElo "2311"]
[BlackElo "2367"]
[EventDate "2004.11.19"]
[PlyCount "120"]

1.e4 c5 2.Nc3 Nc6 3.Bb5 Nd4 4.Bc4 e6 5.Nge2 Nf6 6.O-O a6 7.a4 Nxe4 8.Nxe4 
d5 9.Nxd4 cxd4 10.Bd3 dxe4 11.Bxe4 Bd6 12.d3 O-O 13.g3 Qc7 14.Bd2 Bd7 15.
Re1 Rac8 16.c4 dxc3 17.Bxc3 f5 18.Bg2 Qb6 19.a5 Qb5 20.d4 Rfe8 21.Bf1 Qd5 
22.Bg2 Qb5 23.d5 e5 24.Bf1 Qc5 25.Qb3 Bb5 26.Bxb5 Qxb5 27.Qxb5 axb5 28.a6 
bxa6 29.Rxa6 Rcd8 30.Ba5 Rd7 31.Rb6 b4 32.Rc1 Bf8 33.Rb5 e4 34.Kf1 Re5 35.
Rc8 Kf7 36.Rc7 Ree7 37.Rxd7 Rxd7 38.Ke2 g6 39.Ke3 Bg7 40.b3 Bc3 41.Rc5 Ke7
42.Bc7 Kf7 43.h3 h5 44.Bb6 Be5 45.Rb5 Rb7 46.h4 Ke8 47.d6 Bxd6 48.Kd4 Kd7 
49.Kc4 Kc6 50.Bc5 Rxb5 51.Bxd6 Rd5 52.Bf4 Rd3 53.Be3 Rc3+ 54.Kxb4 Rc2 55.
Ka4 Re2 56.Kb4 Kd5 57.Kc3 f4 58.gxf4 Re1 59.b4 Rh1 60.f5 Rxh4 0-1

[Event "43rd World U20 ch"]
[Site "Kochi IND"]
[Date "2004.11.28"]
[Round "10.19"]
[White "Tikkanen, Hans"]
[Black "Patwardhan, Omkar"]
[Result "1/2-1/2"]
[WhiteElo "2338"]
[BlackElo "2212"]
[EventDate "2004.11.19"]
[PlyCount "141"]

1.d4 Nf6 2.c4 e6 3.g3 d5 4.Bg2 dxc4 5.Nf3 a6 6.O-O Nbd7 7.Qc2 Rb8 8.Qxc4 
b5 9.Qc2 Bb7 10.a4 c5 11.axb5 axb5 12.Bf4 Rc8 13.Qd3 c4 14.Qc2 Be7 15.Nbd2
Nd5 16.Ne4 Qb6 17.Bd2 b4 18.Rfc1 f5 19.Neg5 h6 20.Nh3 O-O 21.Ne5 Nxe5 22.
dxe5 Qd4 23.Nf4 Nxf4 24.Bxf4 Bxg2 25.Kxg2 g5 26.Rd1 Qc5 27.Be3 Qxe5 28.Rd7
b3 29.Qd2 Rfd8 30.Raa7 Bf6 31.Bd4 Qxd4 32.Rxd4 Bxd4 33.Rb7 Bf6 34.Qe3 Re8 
35.h4 Rcd8 36.hxg5 hxg5 37.Qf3 Re7 38.Rxe7 Bxe7 39.Qc6 Kf7 40.Qxc4 Rb8 41.
f3 Rb4 42.Qc6 Rd4 43.Kf2 f4 44.gxf4 gxf4 45.Qc3 Rb4 46.Kg2 Rb5 47.Qd3 Rg5+
48.Kh2 Rh5+ 49.Kg2 Rg5+ 50.Kf1 Bc5 51.e3 Bxe3 52.Qxb3 Rg1+ 53.Ke2 Rg2+ 54.
Kd3 Rd2+ 55.Kc3 Rd7 56.Qb8 Bd4+ 57.Kc4 e5 58.b4 Ke7 59.b5 Rd6 60.Qb7+ Ke6 
61.Qc8+ Ke7 62.Kd3 Rg6 63.Qc4 Ke8 64.Ke4 Ke7 65.Qd5 Ke8 66.Kd3 Ke7 67.Kc4 
Ke8 68.Qa8+ Ke7 69.Qc8 Rd6 70.Qb7+ Ke6 71.Qh7 1/2-1/2

[Event "43rd World U20 ch"]
[Site "Kochi IND"]
[Date "2004.11.28"]
[Round "10.21"]
[White "Arun, Karthik Ravichandra"]
[Black "Gupta, Abhijeet"]
[Result "0-1"]
[WhiteElo "2152"]
[BlackElo "2412"]
[EventDate "2004.11.19"]
[PlyCount "64"]

1.e4 c5 2.Nc3 d6 3.f4 Nc6 4.Nf3 g6 5.g3 Bg7 6.Bg2 e6 7.d3 Nge7 8.O-O O-O 
9.Be3 b6 10.d4 Ba6 11.Rf2 Qc7 12.Rd2 Rfd8 13.Bf1 Bxf1 14.Qxf1 d5 15.Nb5 
Qc8 16.dxc5 dxe4 17.Rxd8+ Qxd8 18.Rd1 Qf8 19.Ng5 Nf5 20.Qf2 Rd8 21.Nd6 
bxc5 22.Bxc5 Nxd6 23.Qe2 Bf6 24.Qa6 Be7 25.Kh1 Nf5 26.Rxd8 Nxd8 27.Bxe7 
Qxe7 28.Nxe4 Qb4 29.Qd3 Nc6 30.b3 Qe1+ 31.Kg2 Qe3 32.g4 Nh4+ 0-1

[Event "43rd World U20 ch"]
[Site "Kochi IND"]
[Date "2004.11.28"]
[Round "10.22"]
[White "Soumitra, Mujumdar"]
[Black "Mabusela, Johannes"]
[Result "0-1"]
[WhiteElo "2148"]
[BlackElo "2316"]
[EventDate "2004.11.19"]
[PlyCount "94"]

1.d4 Nf6 2.c4 e6 3.Nc3 Bb4 4.Qc2 Nc6 5.Nf3 d6 6.e4 Bxc3+ 7.bxc3 e5 8.Be2 
Qe7 9.d5 Nb8 10.Be3 O-O 11.O-O Ng4 12.Bg5 f6 13.Bd2 f5 14.Bg5 Qf7 15.h3 
Nh6 16.Bxh6 gxh6 17.exf5 Bxf5 18.Qb2 b6 19.Nh4 Bg6 20.Bg4 Qf6 21.Nxg6 hxg6
22.f4 exf4 23.Rae1 Na6 24.Re6 Qg7 25.Qc2 Rf6 26.Rfe1 Nc5 27.Re7 Rf7 28.
Rxf7 Kxf7 29.Be6+ Kf8 30.Rf1 Qf6 31.g3 Nxe6 32.dxe6 Qxe6 33.Rxf4+ Kg7 34.
Re4 Qxh3 35.Qf2 Kg8 36.Rh4 Qe6 37.Rf4 Re8 38.Kg2 Kg7 39.Qd4+ Qe5 40.Qf2 
Re7 41.Rf8 h5 42.Ra8 Rf7 43.Qd4 Qxd4 44.cxd4 a5 45.c5 dxc5 46.dxc5 Rf5 47.
cxb6 cxb6 0-1

[Event "43rd World U20 ch"]
[Site "Kochi IND"]
[Date "2004.11.28"]
[Round "10.23"]
[White "Gopal, Geetha Narayanan"]
[Black "Bhatti, Ranveersingh"]
[Result "1-0"]
[WhiteElo "2278"]
[BlackElo "2195"]
[EventDate "2004.11.19"]
[PlyCount "91"]

1.e4 c5 2.Nf3 Nc6 3.Nc3 e5 4.Bc4 d6 5.d3 Be7 6.Nd2 Nf6 7.Nf1 O-O 8.Ne3 a6 
9.a3 b5 10.Ba2 Be6 11.Ncd5 Nd7 12.O-O Kh8 13.Bd2 Bg5 14.b4 Ne7 15.a4 Bxd5 
16.Bxd5 Bxe3 17.Bxa8 Bxd2 18.Qxd2 Qxa8 19.axb5 Qb8 20.bxa6 cxb4 21.a7 Qb7 
22.a8=Q Rxa8 23.Rxa8+ Qxa8 24.Qxb4 Qb8 25.Qc4 Kg8 26.Ra1 g6 27.g3 Kg7 28.
Kg2 Nc5 29.Re1 Nc6 30.c3 Qb3 31.Qxb3 Nxb3 32.Rb1 Nc5 33.Rb6 Na5 34.Rxd6 
Nab3 35.Rd5 Kf6 36.Kf3 Ke6 37.Ke3 Na4 38.Rb5 Nbc5 39.Ra5 f5 40.d4 f4+ 41.
gxf4 exf4+ 42.Kf3 Nxe4 43.Kxe4 Nxc3+ 44.Kxf4 Ne2+ 45.Ke3 Nc1 46.Ra3 1-0

[Event "43rd World U20 ch"]
[Site "Kochi IND"]
[Date "2004.11.28"]
[Round "10.24"]
[White "Ashwath, Raja"]
[Black "Puneet, Jaiswal"]
[Result "0-1"]
[WhiteElo "2124"]
[BlackElo "2212"]
[EventDate "2004.11.19"]
[PlyCount "62"]

1.d4 d5 2.c4 e6 3.Nc3 c6 4.Nf3 dxc4 5.e3 b5 6.a4 Bb4 7.Bd2 a5 8.axb5 Bxc3 
9.Bxc3 cxb5 10.b3 Bb7 11.bxc4 b4 12.Bb2 Nf6 13.Bd3 Nbd7 14.O-O Bc6 15.d5 
exd5 16.cxd5 Bxd5 17.Bb5 O-O 18.Bxd7 Qxd7 19.Bxf6 gxf6 20.Qd4 Qf5 21.Nh4 
Qe5 22.Qd2 Be4 23.f4 Qc3 24.Qe2 b3 25.Rac1 Qd3 26.Qb2 Rfc8 27.Rxc8+ Rxc8 
28.Qxf6 Qxe3+ 29.Kh1 Qc1 30.Rg1 b2 31.Nf5 Qxg1+ 0-1

[Event "43rd World U20 ch"]
[Site "Kochi IND"]
[Date "2004.11.28"]
[Round "10.25"]
[White "Mandizha, Farai"]
[Black "Aswin, Jayaram"]
[Result "1-0"]
[WhiteElo "2200"]
[BlackElo "2160"]
[EventDate "2004.11.19"]
[PlyCount "66"]

1.Nf3 Nf6 2.d4 e6 3.c4 d5 4.Nc3 Be7 5.Bg5 h6 6.Bh4 O-O 7.e3 b6 8.Rc1 Bb7 
9.Bxf6 Bxf6 10.cxd5 exd5 11.b4 c6 12.Bd3 a5 13.b5 c5 14.Bb1 Nd7 15.O-O Rc8
16.Ne2 Re8 17.Nf4 c4 18.Kh1 Nf8 19.Bf5 Rc7 20.Ng1 g6 21.Bb1 Bg7 22.Nge2 
Qd6 23.Nc3 Ne6 24.Nxe6 Rxe6 25.Qf3 f5 26.Ne2 Rf7 27.Nf4 Re8 28.g3 h5 29.
Bc2 Bh6 30.Rg1 h4 31.h3 Bxf4 32.gxf4 Bc8 33.Rg5 Kh8 1-0

[Event "43rd World U20 ch"]
[Site "Kochi IND"]
[Date "2004.11.28"]
[Round "10.26"]
[White "Sandeep, Yalamanchili"]
[Black "Mishra, Soumyaranjan"]
[Result "1-0"]
[WhiteElo "2138"]
[BlackElo "2299"]
[EventDate "2004.11.19"]
[PlyCount "99"]

1.d4 Nf6 2.Nf3 e6 3.g3 Be7 4.Bg2 O-O 5.O-O d5 6.c4 c5 7.cxd5 Nxd5 8.dxc5 
Bxc5 9.a3 Nc6 10.Qc2 Bb6 11.Nbd2 Qe7 12.b4 Bd7 13.Bb2 Rac8 14.Nc4 Bc7 15.
Qb3 Rfd8 16.Rac1 Be8 17.Rfd1 a6 18.e3 h6 19.Bf1 Nf6 20.Bg2 e5 21.Qa2 Bd7 
22.Qa1 Re8 23.h3 Bf5 24.g4 Be4 25.Ncxe5 Nxe5 26.Nxe5 Bxg2 27.Kxg2 Bxe5 28.
Rxc8 Rxc8 29.Bxe5 Ne4 30.Qd4 Ng5 31.Bxg7 Rc2 32.Be5 Ne6 33.Qe4 Ra2 34.Rd3 
Ng5 35.Qf4 Qe8 36.Qf6 Rxf2+ 37.Qxf2 Qxe5 38.Qf4 Qb2+ 39.Kg3 Ne6 40.Qxh6 
Qe2 41.Rd7 Qe1+ 42.Kf3 Qf1+ 43.Ke4 Qb5 44.Rd1 Qc6+ 45.Ke5 Qc7+ 46.Kf6 Qc3+
47.Ke7 Qc8 48.g5 Qc7+ 49.Rd7 Qe5 50.Qf6 1-0

[Event "43rd World U20 ch"]
[Site "Kochi IND"]
[Date "2004.11.28"]
[Round "10.27"]
[White "Venkat, S. Sundaram"]
[Black "Mihailidis, Anastasios"]
[Result "0-1"]
[WhiteElo "2152"]
[BlackElo "2278"]
[EventDate "2004.11.19"]
[PlyCount "62"]

1.e4 e5 2.Nf3 Nc6 3.Bb5 f5 4.Nc3 fxe4 5.Nxe4 d5 6.Nxe5 dxe4 7.Nxc6 Qg5 8.
Qe2 Nf6 9.f4 Qxf4 10.d4 Qh4+ 11.g3 Qh3 12.Bf4 a6 13.Ba4 Bd7 14.d5 bxc6 15.
dxc6 Bg4 16.Qc4 Be6 17.Qe2 Bd6 18.Bxd6 cxd6 19.c7+ Bd7 20.Qxa6 O-O 21.Bb3+
d5 22.Qd6 Bg4 23.Bxd5+ Nxd5 24.Qxd5+ Kh8 25.Kd2 Qh6+ 26.Kc3 Qe3+ 27.Kb4 
Rfb8+ 28.cxb8=Q+ Rxb8+ 29.Qb5 Qd2+ 30.Ka4 Bd7 31.c4 Qxb2 0-1

[Event "43rd World U20 ch"]
[Site "Kochi IND"]
[Date "2004.11.28"]
[Round "10.28"]
[White "Karthikeyan, Pandian"]
[Black "Ruijgrok, Dennis"]
[Result "1-0"]
[WhiteElo "2131"]
[BlackElo "2255"]
[EventDate "2004.11.19"]
[PlyCount "149"]

1.d4 Nf6 2.Nf3 g6 3.Nbd2 d5 4.e3 Bg7 5.Bd3 O-O 6.O-O c5 7.c3 Nbd7 8.Re1 
Qc7 9.e4 cxd4 10.cxd4 dxe4 11.Nxe4 Nxe4 12.Rxe4 Nf6 13.Bf4 Qb6 14.Re2 Bg4 
15.Be5 Bxf3 16.gxf3 Rfd8 17.Bc4 e6 18.Qb3 Qxb3 19.Bxb3 Rac8 20.Rd1 Nd5 21.
h4 h5 22.Bg3 Bf6 23.Kh2 a6 24.Re4 Rd7 25.Be5 Bd8 26.a3 b5 27.Kh3 Bb6 28.
Re2 Kf8 29.Kh2 Rc6 30.Red2 Ke7 31.Ba2 Bc7 32.Kh1 Bxe5 33.dxe5 Nb6 34.Kh2 
Rxd2 35.Rxd2 Nd7 36.f4 Rc1 37.Bb3 Nc5 38.Bc2 a5 39.b4 axb4 40.axb4 Na6 41.
Bd3 Nxb4 42.Bxb5 Nd5 43.Rd4 Rc2 44.Kg3 Rb2 45.Bc6 Nc3 46.Bf3 Nb1 47.Ra4 
Nd2 48.Bg2 Rb3+ 49.Kh2 Rd3 50.Ra7+ Kf8 51.Ra8+ Kg7 52.Ra4 Nb3 53.Ra3 Nc1 
54.Rxd3 Nxd3 55.Kg3 Kf8 56.Be4 Nc5 57.Bc2 Ke7 58.Kf3 Kd7 59.Ke3 Kc6 60.Kd4
Kb5 61.f5 exf5 62.Kd5 f4 63.Kd6 Kc4 64.Ke7 Kd4 65.Kxf7 Kxe5 66.Kxg6 Ne6 
67.Kxh5 Nd4 68.Bb1 Kf6 69.Kg4 f3 70.Be4 Ne6 71.Bxf3 Nc5 72.Be2 Ne4 73.f3 
Nc5 74.Bc4 Nd7 75.f4 1-0

[Event "43rd World U20 ch"]
[Site "Kochi IND"]
[Date "2004.11.28"]
[Round "10.30"]
[White "Swaraj, Palit"]
[Black "Phadke, Sohan"]
[Result "0-1"]
[WhiteElo "2172"]
[BlackElo "2125"]
[EventDate "2004.11.19"]
[PlyCount "85"]

1.d4 Nf6 2.c4 c5 3.e3 g6 4.Nf3 Bg7 5.Be2 O-O 6.O-O cxd4 7.exd4 d5 8.b3 Nc6
9.Bb2 Bf5 10.c5 Ne4 11.Qc1 Rc8 12.Rd1 b6 13.Ne1 bxc5 14.dxc5 Bxb2 15.Qxb2 
Nxc5 16.Nc3 d4 17.Nb5 e5 18.Rac1 Ne4 19.Nd3 a6 20.Rxc6 Rxc6 21.Nxe5 Rc5 
22.Nxd4 Rxe5 23.Nxf5 Rxf5 24.Rxd8 Rxd8 25.Bf3 Ng5 26.h4 Nxf3+ 27.gxf3 Rxf3
28.Qe2 Rfd3 29.Kg2 a5 30.Qe5 R8d5 31.Qb8+ Kg7 32.Qf4 Rf5 33.Qc4 Rdf3 34.
Qd4+ Rf6 35.Qb2 Rxf2+ 36.Qxf2 Rxf2+ 37.Kxf2 Kf6 38.Kf3 Ke5 39.a3 Kd4 40.b4
axb4 41.axb4 Kc4 42.Kf4 f6 43.Ke4 0-1

[Event "43rd World U20 ch"]
[Site "Kochi IND"]
[Date "2004.11.28"]
[Round "10.31"]
[White "Artels, Lieven"]
[Black "Nanjo, Ryosuke"]
[Result "1-0"]
[WhiteElo "2084"]
[BlackElo "2154"]
[EventDate "2004.11.19"]
[PlyCount "107"]

1.e4 c5 2.Nf3 Nc6 3.d4 cxd4 4.Nxd4 g6 5.c4 Nf6 6.Nc3 d6 7.Be2 Nxd4 8.Qxd4 
Bg7 9.Be3 O-O 10.Qd2 Be6 11.f3 Qa5 12.O-O Rfc8 13.b3 a6 14.Rfc1 Nd7 15.
Rab1 Qb4 16.Rc2 b5 17.Nd5 Qxd2 18.Rxd2 Bxd5 19.Rxd5 bxc4 20.Bxc4 Ne5 21.
Bf1 a5 22.Rc1 Rxc1 23.Bxc1 Rc8 24.Be3 Rc3 25.Bd2 Rc2 26.a4 Nc6 27.Bb5 Nd4 
28.Bxa5 Nxb3 29.Bb6 Bc3 30.Bd3 Ra2 31.Bc4 Rxa4 32.Bxb3 Rb4 33.Bd8 e6 34.
Rxd6 Rxb3 35.Bg5 Kg7 36.Rd3 h6 37.Bc1 e5 38.Kf1 h5 39.Ke2 Bb2 40.Rxb3 Bxc1
41.Rb7 h4 42.g3 hxg3 43.hxg3 Bg5 44.Kd3 Bd8 45.Kc4 Kf6 46.Kd5 Ba5 47.Kd6 
Bd2 48.Kd7 Kg5 49.Rb5 Bc3 50.f4+ Kg4 51.fxe5 Be1 52.Ke7 Kxg3 53.Kxf7 Kf4 
54.e6 1-0

[Event "43rd World U20 ch"]
[Site "Kochi IND"]
[Date "2004.11.28"]
[Round "10.33"]
[White "Prasanna, Kannappan"]
[Black "Louw, Daniel Johannes"]
[Result "0-1"]
[WhiteElo "2096"]
[BlackElo "2187"]
[EventDate "2004.11.19"]
[PlyCount "79"]

1.e4 c5 2.c3 Nf6 3.e5 Nd5 4.d4 cxd4 5.Qxd4 e6 6.Nf3 Nc6 7.Qe4 d6 8.c4 Nc7 
9.Bg5 Be7 10.Bxe7 Nxe7 11.Nc3 d5 12.cxd5 exd5 13.Qh4 Ne6 14.Rd1 O-O 15.Bc4
Nc7 16.O-O Bf5 17.Bb3 Be6 18.Nd4 a6 19.f4 Qd7 20.Bc2 Nf5 21.Qh3 g6 22.Nxf5
Bxf5 23.Bxf5 gxf5 24.Ne4 Ne8 25.Rf3 f6 26.Rg3+ Kh8 27.Qh6 Qe7 28.Nd6 fxe5 
29.fxe5 Rd8 30.Nxb7 Rd7 31.Na5 Qc5+ 32.Kh1 Rdf7 33.Nb3 Qc2 34.Rc1 Qxb2 35.
e6 Rf6 36.e7 Rg8 37.Qh5 Rfg6 38.Rxg6 Rxg6 39.Qh3 Qxa2 40.Qc3+ 0-1

[Event "43rd World U20 ch"]
[Site "Kochi IND"]
[Date "2004.11.28"]
[Round "10.34"]
[White "Cereijo, Nicolas"]
[Black "Soon Wai Cheong"]
[Result "1-0"]
[WhiteElo "2120"]
[BlackElo "2048"]
[EventDate "2004.11.19"]
[PlyCount "99"]

1.e4 c5 2.Nf3 d6 3.d4 cxd4 4.Nxd4 Nf6 5.Nc3 Bd7 6.Bg5 Nc6 7.Be2 Nxd4 8.
Qxd4 Qa5 9.f4 e5 10.Qd2 Rc8 11.O-O-O Bc6 12.Rhf1 Be7 13.Kb1 O-O 14.Rf3 Qc7
15.Bxf6 Bxf6 16.Qxd6 Qxd6 17.Rxd6 exf4 18.Nd5 Bxd5 19.Rxd5 Rfe8 20.Rxf4 
Be5 21.Rh4 Rc7 22.Rh3 g6 23.c3 Kg7 24.Kc2 a6 25.a4 h5 26.g4 hxg4 27.Bxg4 
Rc4 28.Kd3 Rc7 29.Bd1 Rce7 30.Rh4 g5 31.Rg4 Bf4 32.Bf3 Rh8 33.Rg2 f6 34.
Bg4 Rxh2 35.Rxh2 Bxh2 36.a5 Be5 37.Rd7 Rxd7+ 38.Bxd7 Bc7 39.Bc8 Bxa5 40.
Bxb7 Kf7 41.Bxa6 Ke7 42.Bc8 Bc7 43.b4 Be5 44.c4 Kd8 45.Bf5 Kc7 46.c5 Bf4 
47.Kc4 Bg3 48.Kd5 Bh2 49.Ke6 Be5 50.Bg4 1-0

[Event "43rd World U20 ch"]
[Site "Kochi IND"]
[Date "2004.11.29"]
[Round "11.2"]
[White "Zhao Jun"]
[Black "Sengupta, Deep"]
[Result "1-0"]
[WhiteElo "2511"]
[BlackElo "2359"]
[EventDate "2004.11.19"]
[PlyCount "83"]

1.d4 f5 2.c4 e6 3.Nc3 Nf6 4.Nf3 Bb4 5.Qb3 Qe7 6.Bg5 O-O 7.g3 b6 8.Bg2 Bb7 
9.O-O Bxc3 10.Qxc3 d6 11.d5 exd5 12.Nh4 c5 13.cxd5 g6 14.f3 Nbd7 15.e4 Ba6
16.Rf2 fxe4 17.fxe4 Qg7 18.h3 Ne5 19.Qe3 Nc4 20.Qd3 Nd7 21.Raf1 h6 22.Bc1 
b5 23.Qe2 Rxf2 24.Rxf2 Rf8 25.Rxf8+ Nxf8 26.Kh2 Kh7 27.Qe1 Bc8 28.b3 Ne5 
29.Qa5 Qd7 30.Bb2 Nd3 31.Ba1 Nb4 32.Nf3 g5 33.a3 Nc2 34.Bb2 b4 35.axb4 
Nxb4 36.e5 Nxd5 37.Qd2 Qe6 38.exd6 Bb7 39.Ne5 Qxd6 40.Qd3+ Kg8 41.Ng4 Nh7 
42.Ne3 1-0

[Event "43rd World U20 ch"]
[Site "Kochi IND"]
[Date "2004.11.29"]
[Round "11.4"]
[White "Drozdovskyi, Yury"]
[Black "Quezada Perez, Yuniesky"]
[Result "1/2-1/2"]
[WhiteElo "2510"]
[BlackElo "2513"]
[EventDate "2004.11.19"]
[PlyCount "59"]

1.d4 Nf6 2.c4 e6 3.Nf3 b6 4.a3 Bb7 5.Nc3 d5 6.Bg5 Be7 7.e3 O-O 8.Rc1 Nbd7 
9.cxd5 exd5 10.Be2 c5 11.O-O Ne4 12.Bxe7 Qxe7 13.dxc5 Nxc3 14.Rxc3 Nxc5 
15.Nd4 Ne4 16.Rc1 Rac8 17.Qd3 g6 18.Bf3 Rfe8 19.h3 Qh4 20.Bxe4 dxe4 21.Qb5
Qe7 22.Qa4 a6 23.Qb3 Qd6 24.Rfd1 Rxc1 25.Rxc1 Rc8 26.Rxc8+ Bxc8 27.Qc3 Bb7
28.b4 Qd7 29.Qc2 Qc8 30.Qxc8+ 1/2-1/2

[Event "43rd World U20 ch"]
[Site "Kochi IND"]
[Date "2004.11.29"]
[Round "11.5"]
[White "Alexeev, Evgeny"]
[Black "Gareev, Timur"]
[Result "1-0"]
[WhiteElo "2604"]
[BlackElo "2525"]
[EventDate "2004.11.19"]
[PlyCount "121"]

1.e4 d5 2.exd5 Nf6 3.Nf3 Nxd5 4.d4 Bg4 5.Be2 e6 6.O-O Be7 7.Ne5 Bxe2 8.
Qxe2 O-O 9.c4 Nf6 10.Rd1 Nbd7 11.Nc3 Re8 12.Bf4 Nf8 13.Rd3 c6 14.Rad1 Qa5 
15.h4 Rad8 16.Qf3 Ng6 17.Bg3 Bd6 18.h5 Bxe5 19.hxg6 Bxg3 20.gxf7+ Kxf7 21.
Qxg3 e5 22.d5 e4 23.Rd4 c5 24.R4d2 Qb4 25.Nb5 e3 26.fxe3 Ne4 27.Qf4+ Kg8 
28.Rc2 Rd7 29.Rf1 Qa5 30.Nc3 Nd6 31.b3 Qd8 32.Rcf2 Rf7 33.Qg3 Rxf2 34.Rxf2
Qe7 35.Rf3 g6 36.Qf4 Kg7 37.a4 g5 38.Qg3 a6 39.Ne2 Ne4 40.Qg4 Nd2 41.Rg3 
Ne4 42.Rh3 Qe5 43.Ng3 Nf6 44.Nh5+ Nxh5 45.Qxh5 Qa1+ 46.Kh2 Qe5+ 47.Kg1 
Qa1+ 48.Kh2 Qe5+ 49.Rg3 h6 50.Kh3 Rf8 51.Rf3 Qa1 52.Rxf8 Qh1+ 53.Kg4 Qxg2+
54.Kf5 Qf2+ 55.Ke6 Qxf8 56.d6 Qc8+ 57.Ke7 Qf5 58.Kd8 Qd3 59.Qh2 Qxe3 60.d7
Qf3 61.Kc8 1-0

[Event "43rd World U20 ch"]
[Site "Kochi IND"]
[Date "2004.11.29"]
[Round "11.6"]
[White "Quan, Zhe"]
[Black "Humpy, Koneru"]
[Result "1/2-1/2"]
[WhiteElo "2345"]
[BlackElo "2503"]
[EventDate "2004.11.19"]
[PlyCount "98"]

1.d4 Nf6 2.c4 e6 3.Nc3 Bb4 4.Qc2 d5 5.cxd5 exd5 6.Bg5 c5 7.Nf3 h6 8.Bxf6 
Qxf6 9.e3 c4 10.Be2 O-O 11.O-O Bf5 12.Qa4 Bxc3 13.bxc3 Nc6 14.Qb5 Rfd8 15.
Nd2 Qe7 16.a4 a6 17.Qb2 Rab8 18.a5 Bg6 19.Bf3 Qc7 20.Qa3 Bd3 21.Rfe1 f5 
22.Qc5 Qd6 23.Qb6 Ne7 24.Qxd6 Rxd6 25.Bd1 b5 26.axb6 Rdxb6 27.Ba4 g5 28.
Nf3 Ng6 29.Rec1 f4 30.Ne1 fxe3 31.fxe3 Rb2 32.Bc2 Bxc2 33.Rxc2 Rxc2 34.
Nxc2 a5 35.Kf1 Rb2 36.Ne1 Rb5 37.Nf3 Ne7 38.Ne5 Rb3 39.Rxa5 Rxc3 40.Kf2 
Nf5 41.Rxd5 Nxe3 42.Rd7 Nf5 43.Ng4 Rc2+ 44.Kf3 Nh4+ 45.Ke4 Re2+ 46.Kd5 c3 
47.Nf6+ Kf8 48.Nh7+ Ke8 49.Nf6+ Kf8 1/2-1/2

[Event "43rd World U20 ch"]
[Site "Kochi IND"]
[Date "2004.11.29"]
[Round "11.8"]
[White "Deepan Chakravarthy, Jeyakumar"]
[Black "Wojtaszek, Radoslaw"]
[Result "0-1"]
[WhiteElo "2396"]
[BlackElo "2536"]
[EventDate "2004.11.19"]
[PlyCount "84"]

1.e4 c5 2.Nf3 d6 3.d4 cxd4 4.Nxd4 Nf6 5.Nc3 e6 6.Be3 a6 7.f3 b5 8.g4 Nfd7 
9.Qd2 Nb6 10.Bd3 Bb7 11.O-O-O N8d7 12.Kb1 Rc8 13.h4 Ne5 14.Qe1 Nec4 15.
Bxc4 Nxc4 16.Bc1 Qc7 17.g5 Na3+ 18.bxa3 Qxc3 19.Qf2 Qc5 20.Qg2 Be7 21.Bb2 
O-O 22.Rdg1 Qc4 23.h5 Rc5 24.f4 e5 25.Nf5 Bxe4 26.Nxe7+ Kh8 27.Qh2 Qe6 28.
h6 Qxe7 29.hxg7+ Kxg7 30.fxe5 dxe5 31.Re1 Bxh1 32.Rxh1 Rh8 33.Re1 Re8 34.
Bd4 exd4 35.Qh6+ Kg8 36.Rxe7 Rxe7 37.Qd6 Rce5 38.Qxd4 Kg7 39.a4 bxa4 40.c4
Kg6 41.c5 R7e6 42.c6 Rb5+ 0-1

[Event "43rd World U20 ch"]
[Site "Kochi IND"]
[Date "2004.11.29"]
[Round "11.9"]
[White "Nad Hedesi, Balind"]
[Black "Paragua, Mark"]
[Result "0-1"]
[WhiteElo "2337"]
[BlackElo "2534"]
[EventDate "2004.11.19"]
[PlyCount "74"]

1.e4 c5 2.Nf3 e6 3.d4 cxd4 4.Nxd4 a6 5.Bd3 Nf6 6.O-O Qc7 7.c4 h5 8.Nf3 Nc6
9.b3 Ng4 10.Bb2 Bd6 11.g3 h4 12.Nxh4 Rxh4 13.gxh4 Bxh2+ 14.Kg2 Be5 15.Nc3 
Bxc3 16.Bxc3 Qh2+ 17.Kf3 d5 18.exd5 exd5 19.Qe2+ Be6 20.Rh1 Nce5+ 21.Bxe5 
Nxe5+ 22.Ke3 d4+ 23.Kd2 Qf4+ 24.Ke1 O-O-O 25.Kf1 Re8 26.Qe4 Qd2 27.Be2 d3 
28.Bf3 Nxf3 29.Qxf3 Bd7 30.Qd1 Qb2 31.Rb1 Qd4 32.Qf3 Bc6 33.Qf5+ Kb8 34.
Rh3 d2 35.Rd1 Bd7 36.Qd3 Qg4 37.Rf3 Bc6 0-1

[Event "43rd World U20 ch"]
[Site "Kochi IND"]
[Date "2004.11.29"]
[Round "11.10"]
[White "Ilyin, Artem"]
[Black "Olsson, Linus"]
[Result "1-0"]
[WhiteElo "2522"]
[BlackElo "2289"]
[EventDate "2004.11.19"]
[PlyCount "53"]

1.e4 c5 2.Nf3 d6 3.d4 cxd4 4.Nxd4 Nf6 5.Nc3 a6 6.Be3 e5 7.Nb3 Be6 8.f3 
Nbd7 9.g4 Nb6 10.g5 Nh5 11.Qd2 Be7 12.O-O-O O-O 13.Rg1 Rc8 14.Kb1 g6 15.
Nd5 Nxd5 16.exd5 Bf5 17.Bd3 Qd7 18.Qb4 Bxd3 19.Rxd3 f6 20.gxf6 Rxf6 21.Nd2
b5 22.Qg4 Qf5 23.Bg5 Nf4 24.Bxf6 Qxg4 25.fxg4 Bxf6 26.Ra3 Ra8 27.Ne4 1-0